Making PIC Microcontroller Instruments and Controllers / (Record no. 15186)
[ view plain ]
| 000 -LEADER | |
|---|---|
| fixed length control field | 01459cam a2200325 a 4500 |
| 001 - CONTROL NUMBER | |
| control field | 15529677 |
| 005 - DATE AND TIME OF LATEST TRANSACTION | |
| control field | 20091026142729.0 |
| 008 - FIXED-LENGTH DATA ELEMENTS--GENERAL INFORMATION | |
| fixed length control field | 081120s2009 nyua 001 0 eng |
| 010 ## - LIBRARY OF CONGRESS CONTROL NUMBER | |
| LC control number | 2008049998 |
| 020 ## - INTERNATIONAL STANDARD BOOK NUMBER | |
| International Standard Book Number | 0071606165 (alk. paper) |
| 020 ## - INTERNATIONAL STANDARD BOOK NUMBER | |
| International Standard Book Number | 9780071606165 (alk. paper) |
| 035 ## - SYSTEM CONTROL NUMBER | |
| System control number | (OCoLC)ocn244060534 |
| 035 ## - SYSTEM CONTROL NUMBER | |
| System control number | (OCoLC)244060534 |
| 040 ## - CATALOGING SOURCE | |
| Original cataloging agency | DLC |
| Transcribing agency | DLC |
| Modifying agency | BTCTA |
| -- | BAKER |
| -- | YDXCP |
| -- | C#P |
| -- | BWX |
| -- | CDX |
| -- | DLC |
| 050 00 - LIBRARY OF CONGRESS CALL NUMBER | |
| Classification number | TJ223.P76 |
| Item number | S37 2009 |
| 082 00 - DEWEY DECIMAL CLASSIFICATION NUMBER | |
| Classification number | 621.3916 |
| Edition number | 22 |
| Item number | SAN |
| 100 1# - MAIN ENTRY--PERSONAL NAME | |
| Personal name | Sandhu, Harprit. |
| 9 (RLIN) | 23365 |
| 245 10 - TITLE STATEMENT | |
| Title | Making PIC Microcontroller Instruments and Controllers / |
| Statement of responsibility, etc | Harprit Singh Sandhu. |
| 246 14 - VARYING FORM OF TITLE | |
| Title proper/short title | Making PIC Microcontroller Instruments & Controllers |
| 260 ## - PUBLICATION, DISTRIBUTION, ETC. (IMPRINT) | |
| Place of publication, distribution, etc | New York : |
| Name of publisher, distributor, etc | McGraw Hill, 2009 |
| Date of publication, distribution, etc | c2009. |
| 300 ## - PHYSICAL DESCRIPTION | |
| Extent | xv, 360 p. : |
| Other physical details | ill. ; |
| Dimensions | 24 cm. |
| 500 ## - GENERAL NOTE | |
| General note | Includes index. |
| 650 #0 - SUBJECT ADDED ENTRY--TOPICAL TERM | |
| Topical term or geographic name as entry element | Microcontrollers. |
| 9 (RLIN) | 23366 |
| 650 #0 - SUBJECT ADDED ENTRY--TOPICAL TERM | |
| Topical term or geographic name as entry element | Electronic apparatus and appliances |
| General subdivision | Automatic control. |
| 9 (RLIN) | 23367 |
| 653 ## - INDEX TERM--UNCONTROLLED | |
| Resource For college | |
| Arrived date list | April2011 |
| 856 41 - ELECTRONIC LOCATION AND ACCESS | |
| Materials specified | Table of contents only |
| Uniform Resource Identifier | <a href="http://www.loc.gov/catdir/toc/fy0905/2008049998.html">http://www.loc.gov/catdir/toc/fy0905/2008049998.html</a> |
| 942 ## - ADDED ENTRY ELEMENTS (KOHA) | |
| Source of classification or shelving scheme | Dewey Decimal Classification |
| Item type | Book - Borrowing |
| Withdrawn status | Item status | Source of classification or shelving scheme | Damaged status | Not for loan | Vendor | Home library | Current library | Shelving location | Date acquired | Source of acquisition | Cost, normal purchase price | Serial Enumeration / chronology | Total Checkouts | Total Renewals | Full call number | Barcode | Date last seen | Date last borrowed | Koha item type |
|---|---|---|---|---|---|---|---|---|---|---|---|---|---|---|---|---|---|---|---|
| Dewey Decimal Classification | Baccah | Central Library | Central Library | First floor | 27/04/2011 | 256.00 | 12158 | 3 | 1 | 621.3916 SAN | 000023404 | 15/07/2025 | 18/10/2014 | Book - Borrowing |